00814 2200289 4500001002100000005001500021035002000036007000300056008004100059020002200100082001100122084001700133100001400150245008800164250001000252300002500262650001100287650001600298700003800314110002800352264004600380336002100426337003000447338002300477990001200500990001200512INLIS00000000000004320230706095842 a0010-0723000019ta230706 0  a978-602-7734-44-9 a297.82 a297.82 MAJ m ePengarang1 aMengenal dan Mewaspadai Penyimpangan Syi'ah di Indonesia /cMajelis Ulama Indonesia acet 1 a152 :bilus ;c17 cm 4aSyi'ah 4aAgama Islam0 aMa,ruf Amin, Kiai HajiePengarang0 aMajelis Ulama Indonesia aJakarta :bMajelis Ulama Indonesia,c2013 2rdacontentateks 2rdamediaatanpa perantara 2rdacarrieravolume a17.0072 a17.0187